Half Brothers (Record no. 359307)
[ view plain ]
| 000 -LEADER | |
|---|---|
| fixed length control field | 01624ngm a22004335a 4500 |
| 001 - CONTROL NUMBER | |
| control field | 3085865 |
| 005 - DATE AND TIME OF LATEST TRANSACTION | |
| control field | 20210305101811.0 |
| 007 - PHYSICAL DESCRIPTION FIXED FIELD--GENERAL INFORMATION | |
| fixed length control field | vd cvaizs |
| 008 - FIXED-LENGTH DATA ELEMENTS--GENERAL INFORMATION | |
| fixed length control field | 210125s2020 xxu096 e vleng d |
| 020 ## - INTERNATIONAL STANDARD BOOK NUMBER | |
| Terms of availability | $22.99 |
| 024 1# - OTHER STANDARD IDENTIFIER | |
| Standard number or code | 191329155783 |
| Terms of availability | 22.99 |
| 028 42 - PUBLISHER NUMBER | |
| Publisher number | 13792754 |
| 035 ## - SYSTEM CONTROL NUMBER | |
| System control number | (MWT)MWT13792754 |
| 037 ## - SOURCE OF ACQUISITION | |
| Stock number | 13792754 |
| 040 ## - CATALOGING SOURCE | |
| Original cataloging agency | Midwest |
| Description conventions | rda |
| 092 ## - LOCALLY ASSIGNED DEWEY CALL NUMBER (OCLC) | |
| Classification number | dvd |
| 245 00 - TITLE STATEMENT | |
| Title | Half Brothers |
| Medium | [videorecording]. |
| 250 ## - EDITION STATEMENT | |
| Edition statement | Widescreen ed. |
| 260 ## - PUBLICATION, DISTRIBUTION, ETC. (IMPRINT) | |
| Place of publication, distribution, etc | [United States] : |
| Name of publisher, distributor, etc | Universal, |
| Date of publication, distribution, etc | 2021. |
| 264 ## - Production, Publication, Distribution, Manufacture, and Copyright Notice. | |
| Place of production, publication, distribution, manufacture | [United States] : |
| Name of producer, publisher, distributor, manufacturer | Universal, |
| Date of production, publication, distribution, manufacture, or copyr | 2021. |
| 300 ## - PHYSICAL DESCRIPTION | |
| Extent | 1 videodisc (ca. 96 min.) : |
| Other physical details | sd., col. ; |
| Dimensions | 4 3/4 in. |
| 508 ## - CREATION/PRODUCTION CREDITS NOTE | |
| Creation/production credits note | Director, Luke Greenfield. |
| 511 1# - PARTICIPANT OR PERFORMER NOTE | |
| Participant or performer note | Jose Zuniga, Vincent Spano, Luis Gerardo Mendez, Connor Del Rio. |
| 520 ## - SUMMARY, ETC. | |
| Summary, etc | Renato, a successful Mexican aviation executive, is shocked to discover he has an American half-brother he never knew about, the free-spirited Asher. The two very different half-brothers are forced on a road journey together masterminded by their ailing father, tracing the path their father took as an immigrant from Mexico to the US. |
| 521 8# - TARGET AUDIENCE NOTE | |
| Target audience note | MPAA rating: PG-13. |
| 538 ## - SYSTEM DETAILS NOTE | |
| System details note | DVD. |
| 546 ## - LANGUAGE NOTE | |
| Language note | English audio. |
| 650 #4 - SUBJECT ADDED ENTRY--TOPICAL TERM | |
| Topical term or geographic name as entry element | Comedy. |
| 655 #4 - INDEX TERM--GENRE/FORM | |
| Genre/form data or focus term | Comedy. |
| 700 1# - ADDED ENTRY--PERSONAL NAME | |
| Personal name | Zuniga, Jose |
| 9 (RLIN) | 66930 |
| 700 1# - ADDED ENTRY--PERSONAL NAME | |
| Personal name | Spano, Vincent |
| 9 (RLIN) | 6222780 |
| 700 1# - ADDED ENTRY--PERSONAL NAME | |
| Personal name | Mendez, Luis Gerardo |
| 9 (RLIN) | 6408732 |
| 700 1# - ADDED ENTRY--PERSONAL NAME | |
| Personal name | Del Rio, Connor |
| 9 (RLIN) | 6408733 |
| 856 7# - ELECTRONIC LOCATION AND ACCESS | |
| Materials specified | View cover art |
| Uniform Resource Identifier | <a href="http://midwesttapes.com/images/movies/000/000/000/013/792/000000000013792754.jpg">http://midwesttapes.com/images/movies/000/000/000/013/792/000000000013792754.jpg</a> |
| Access method | http |
| 942 ## - ADDED ENTRY ELEMENTS (KOHA) | |
| Source of classification or shelving scheme | Dewey Decimal Classification |
| Koha item type | DVD |
| Withdrawn status | Lost status | Source of classification or shelving scheme | Damaged status | Not for loan | Collection code | Home library | Current library | Shelving location | Date acquired | Source of acquisition | Total Checkouts | Total Renewals | Full call number | Barcode | Date last seen | Date checked out | Cost, replacement price | Price effective from | Koha item type |
|---|---|---|---|---|---|---|---|---|---|---|---|---|---|---|---|---|---|---|---|
| Dewey Decimal Classification | Movies | Wasatch County Library | Wasatch County Library | Audio Visual Area | 03/22/2021 | Micromarketing | 8 | 10 | DVD Hal | 34301001712118 | 08/26/2025 | 08/06/2025 | 18.38 | 03/22/2021 | DVD |
